Score 0/7 Timer 03:00
0 Plays Today
Question Answer Wrong Answers
While studying photographs taken in January, Clyde Tombaugh discovers this celestial object.
1930
Pluto
84.2%
Charon
3.9%
Makemake
2%
Ceres
8.1%
At least 65 people are killed and hundreds are injured in clashes between riot police and demonstrators in Independence Square in this European country.
2014
Ukraine
71.5%
Italy
4%
Lithuania
6.7%
Poland
12.4%
The California Supreme Court, in the case of People v. Anderson, outlaws this and commutes the sentences of all affected inmates.
1972
Death penalty
57.2%
Solitary confinement
9.7%
Double jeopardy
20.8%
Unpaid labor
7.2%
Congress passes a law admitting this state to the Union, after it had existed unofficially for 14 years.
1791
Vermont
44.7%
West Virginia
25.3%
Rhode Island
19.6%
New Jersey
9.4%
One of the proposed dates of the beginning of the Kali Yuga ('age of quarrel and strife') is based on the death of this Hindu deity.
3102 BC
Krishna
40.4%
Kālikā
4.7%
Shiva
23.2%
Vishnu
31.6%
The Nazis arrest the members of this movement during World War II.
1943
White Rose
30%
People's Court
2.6%
La Résistance
47.6%
Polish Home Army
15.9%
This African country becomes independent from the United Kingdom.
1965
The Gambia
23%
Sierra Leone
20.6%
Uganda
40.5%
Algeria
11.2%
Remove Ads.
Support Sporcle.
Get the best of Sporcle when you Go Orange. This ad-free experience offers more features, more stats, and more fun while also helping to support Sporcle. Thank you for becoming a member.

You're not logged in!

Compare scores with friends on all Sporcle quizzes.
OR
Log In

Show Comments

Extras

Top Quizzes Today


Score Distribution

Your Account Isn't Verified!

In order to create a playlist on Sporcle, you need to verify the email address you used during registration. Go to your Sporcle Settings to finish the process.

Report this User

Report this user for behavior that violates our Community Guidelines.

Details: